[Event "Hoogeveen Amateur 1"]
[Site "Hoogeveen, Netherlands"]
[Date "2018.10.22"]
[Round "3.8"]
[White "Vasse, Albert"]
[Black "Pompstra, Henk"]
[Result "1-0"]
[WhiteElo "1857"]
[BlackElo "1747"]

1. e4 {[%clk 01:30:49]} {[%emt 00:00:10]} e5 {[%clk 01:30:51]} {[%emt
00:00:11]} 2. Nf3 {[%clk 01:31:10]} {[%emt 00:00:08]} Nc6 {[%clk 01:31:14]}
{[%emt 00:00:07]} 3. c3 {[%clk 01:31:32]} {[%emt 00:00:07]} d5 {[%clk
01:28:03]} {[%emt 00:03:40]} 4. Bb5 {[%clk 01:31:30]} {[%emt 00:00:32]} Bg4
{[%clk 01:24:31]} {[%emt 00:04:01]} 5. Qa4 {[%clk 01:31:04]} {[%emt 00:00:57]}
Qf6 {[%clk 01:13:06]} {[%emt 00:11:55]} 6. Bxc6+ {[%clk 01:21:01]} {[%emt
00:10:33]} bxc6 {[%clk 01:13:17]} {[%emt 00:00:19]} 7. exd5 {[%clk 01:20:05]}
{[%emt 00:01:24]} Bxf3 {[%clk 01:13:04]} {[%emt 00:00:44]} 8. gxf3 {[%clk
01:20:22]} {[%emt 00:00:13]} Ne7 {[%clk 01:07:55]} {[%emt 00:01:46]} 9. dxc6
{[%clk 01:18:06]} {[%emt 00:06:41]} Qxf3 {[%clk 01:06:54]} {[%emt 00:01:28]} 10.
Rg1 {[%clk 01:18:12]} {[%emt 00:00:25]} h5 {[%clk 01:04:51]} {[%emt 00:02:33]}
11. Qb5 {[%clk 01:10:32]} {[%emt 00:08:11]} Nxc6 {[%clk 01:01:24]} {[%emt
00:03:57]} 12. d3 {[%clk 01:09:24]} {[%emt 00:01:38]} Rb8 {[%clk 00:46:44]}
{[%emt 00:15:10]} 13. Qc4 {[%clk 01:08:46]} {[%emt 00:01:08]} Rb4 {[%clk
00:27:17]} {[%emt 00:19:57]} 14. Nd2 {[%clk 00:51:51]} {[%emt 00:17:26]} Rxc4
{[%clk 00:21:27]} {[%emt 00:06:20]} 15. Nxf3 {[%clk 00:51:33]} {[%emt
00:00:47]} Rg4 {[%clk 00:21:24]} {[%emt 00:00:33]} 16. Rg3 {[%clk 00:48:31]}
{[%emt 00:03:33]} Bd6 {[%clk 00:19:58]} {[%emt 00:01:56]} 17. h3 {[%clk
00:41:07]} {[%emt 00:07:53]} Rxg3 {[%clk 00:19:25]} {[%emt 00:01:03]} 18. fxg3
{[%clk 00:41:29]} {[%emt 00:00:09]} e4 {[%clk 00:16:55]} {[%emt 00:03:01]} 19.
dxe4 {[%clk 00:41:50]} {[%emt 00:00:08]} Bxg3+ {[%clk 00:17:21]} {[%emt
00:00:04]} 20. Ke2 {[%clk 00:41:40]} {[%emt 00:00:39]} f6 {[%clk 00:16:38]}
{[%emt 00:01:14]} 21. Be3 {[%clk 00:41:43]} {[%emt 00:00:27]} Kf7 {[%clk
00:15:56]} {[%emt 00:01:12]} 22. Rd1 {[%clk 00:41:56]} {[%emt 00:00:18]} Re8
{[%clk 00:14:40]} {[%emt 00:01:45]} 23. Nd4 {[%clk 00:38:39]} {[%emt 00:03:47]}
Nxd4+ {[%clk 00:10:59]} {[%emt 00:04:11]} 24. Rxd4 {[%clk 00:38:49]} {[%emt
00:00:20]} a6 {[%clk 00:09:25]} {[%emt 00:02:04]} 25. Kd3 {[%clk 00:32:46]}
{[%emt 00:06:33]} g5 {[%clk 00:09:22]} {[%emt 00:00:33]} 26. Kc4 {[%clk
00:27:18]} {[%emt 00:05:57]} g4 {[%clk 00:09:34]} {[%emt 00:00:19]} 27. hxg4
{[%clk 00:27:23]} {[%emt 00:00:26]} h4 {[%clk 00:09:45]} {[%emt 00:00:18]} 28.
Bg1 {[%clk 00:15:44]} {[%emt 00:12:08]} h3 {[%clk 00:09:55]} {[%emt 00:00:20]}
29. Rd2 {[%clk 00:15:08]} {[%emt 00:00:23]} Rxe4+ {[%clk 00:10:25]} 30. Kd3
{[%clk 00:15:11]} {[%emt 00:01:10]} Re1 {[%clk 00:10:36]} {[%emt 00:00:20]} 31.
Bh2 {[%clk 00:14:58]} {[%emt 00:00:43]} Bh4 {[%clk 00:05:15]} {[%emt 00:05:52]}
32. Bxc7 {[%clk 00:14:51]} {[%emt 00:00:37]} Bg5 {[%clk 00:05:17]} {[%emt
00:00:27]} 33. Re2 {[%clk 00:13:57]} {[%emt 00:01:24]} Rf1 {[%clk 00:04:58]}
{[%emt 00:00:49]} 34. Ke4 {[%clk 00:14:15]} {[%emt 00:00:11]} Rg1 {[%clk
00:04:38]} {[%emt 00:00:49]} 35. Kf3 {[%clk 00:13:24]} {[%emt 00:01:22]} Bh4
{[%clk 00:04:19]} {[%emt 00:00:49]} 36. Rh2 {[%clk 00:10:26]} {[%emt 00:03:28]}
Rf1+ {[%clk 00:04:43]} {[%emt 00:00:06]} 37. Ke2 {[%clk 00:10:30]} {[%emt
00:00:26]} Rb1 {[%clk 00:04:37]} {[%emt 00:00:35]} 38. Rxh3 {[%clk 00:10:40]}
{[%emt 00:00:21]} Bg5 {[%clk 00:05:01]} {[%emt 00:00:05]} 39. b4 {[%clk
00:10:18]} {[%emt 00:00:52]} Rb2+ {[%clk 00:05:17]} {[%emt 00:00:14]} 40. Kd3
{[%clk 00:10:31]} {[%emt 00:00:16]} Rxa2 {[%clk 00:05:43]} {[%emt 00:00:05]} 41.
Ke4 {[%clk 00:05:53]} {[%emt 00:05:08]} Rg2 {[%clk 00:05:34]} {[%emt 00:00:39]}
42. Rg3 {[%clk 00:05:33]} {[%emt 00:00:50]} Re2+ {[%clk 00:25:38]} {[%emt
00:10:26]} 43. Kd4 {[%clk 00:33:43]} {[%emt 00:02:19]} Rd2+ {[%clk 00:24:09]}
{[%emt 00:02:01]} 44. Rd3 {[%clk 00:33:26]} {[%emt 00:00:47]} Rg2 {[%clk
00:24:27]} {[%emt 00:00:11]} 45. Bg3 {[%clk 00:33:13]} {[%emt 00:00:43]} Bh4
{[%clk 00:23:57]} {[%emt 00:01:00]} 46. Bxh4 {[%clk 00:33:06]} {[%emt
00:00:38]} Rxg4+ {[%clk 00:24:22]} {[%emt 00:00:05]} 47. Kc5 {[%clk 00:33:24]}
{[%emt 00:00:12]} Rxh4 {[%clk 00:24:46]} {[%emt 00:00:06]} 48. Kb6 {[%clk
00:33:42]} {[%emt 00:00:12]} f5 {[%clk 00:24:49]} {[%emt 00:00:28]} 49. Kxa6
{[%clk 00:34:04]} {[%emt 00:00:07]} Rh6+ {[%clk 00:24:36]} {[%emt 00:00:43]} 50.
Ka7 {[%clk 00:34:23]} {[%emt 00:00:11]} f4 {[%clk 00:23:07]} {[%emt 00:01:59]}
51. b5 {[%clk 00:34:46]} {[%emt 00:00:07]} Rh2 {[%clk 00:23:10]} {[%emt
00:00:26]} 52. Rf3 {[%clk 00:34:44]} {[%emt 00:00:32]} Ke6 {[%clk 00:23:28]}
{[%emt 00:00:13]} 53. Rxf4 {[%clk 00:35:03]} {[%emt 00:00:11]} Kd6 {[%clk
00:23:47]} {[%emt 00:00:10]} 54. Rc4 {[%clk 00:33:55]} {[%emt 00:01:38]} Ra2+
{[%clk 00:23:44]} {[%emt 00:00:34]} 55. Kb7 {[%clk 00:34:11]} {[%emt 00:00:13]}
Ra3 {[%clk 00:23:54]} {[%emt 00:00:21]} 56. Rc6+ {[%clk 00:34:23]} {[%emt
00:00:17]} Kd7 {[%clk 00:24:18]} {[%emt 00:00:06]} 57. c4 {[%clk 00:34:33]}
{[%emt 00:00:20]} Ra2 {[%clk 00:24:34]} {[%emt 00:00:14]} 58. c5 {[%clk
00:34:54]} {[%emt 00:00:09]} Ra3 {[%clk 00:24:49]} {[%emt 00:00:15]} 59. Rd6
{[%clk 00:35:10]} {[%emt 00:00:13]} Ke7 {[%clk 00:25:08]} {[%emt 00:00:11]} 60.
b6 {[%clk 00:35:28]} {[%emt 00:00:13]} Rc3 {[%clk 00:25:26]} {[%emt 00:00:12]}
61. Kc6 {[%clk 00:35:42]} {[%emt 00:00:16]} Rb3 {[%clk 00:25:32]} {[%emt
00:00:24]} 62. Kc7 {[%clk 00:35:44]} {[%emt 00:00:28]} Rb5 {[%clk 00:25:37]}
{[%emt 00:00:24]} 63. c6 {[%clk 00:35:14]} {[%emt 00:01:01]} Ra5 {[%clk
00:25:31]} {[%emt 00:00:35]} 64. Rd7 {[%clk 00:35:25]} {[%emt 00:00:19]} Ke8
{[%clk 00:25:53]} {[%emt 00:00:08]} 65. b7 {[%clk 00:35:48]} {[%emt 00:00:08]}
Ra7 {[%clk 00:26:20]} {[%emt 00:00:04]} 66. Rd8+ {[%clk 00:36:03]} {[%emt
00:00:14]} 1-0

[Event "Hoogeveen Amateur 1"]
[Site "Hoogeveen, Netherlands"]
[Date "2018.10.23"]
[Round "4.1"]
[White "Stavast, Dick"]
[Black "Klapwijk, Leo"]
[Result "1-0"]
[WhiteElo "2043"]
[BlackElo "1825"]

1. Nf3 {[%clk 01:30:58]} Nf6 {[%clk 01:30:09]} {[%emt 00:00:52]} 2. g3 {[%clk
01:31:06]} {[%emt 00:00:21]} e6 {[%clk 01:29:03]} {[%emt 00:01:36]} 3. Bg2
{[%clk 01:31:32]} {[%emt 00:00:05]} d5 {[%clk 01:28:54]} {[%emt 00:00:38]} 4.
d4 {[%clk 01:31:35]} {[%emt 00:00:27]} Bd6 {[%clk 01:27:31]} {[%emt 00:01:53]}
5. O-O {[%clk 01:30:58]} {[%emt 00:01:07]} O-O {[%clk 01:22:57]} {[%emt
00:01:04]} 6. c4 {[%clk 01:29:58]} {[%emt 00:05:30]} c6 {[%clk 01:21:06]}
{[%emt 00:02:21]} 7. Qc2 {[%clk 01:28:04]} {[%emt 00:02:24]} Ne4 {[%clk
01:20:10]} {[%emt 00:01:26]} 8. Nc3 {[%clk 01:25:25]} {[%emt 00:03:08]} f5
{[%clk 01:20:13]} {[%emt 00:00:28]} 9. Bf4 {[%clk 01:19:38]} {[%emt 00:06:17]}
Bxf4 {[%clk 01:15:34]} {[%emt 00:05:10]} 10. gxf4 {[%clk 01:20:06]} {[%emt
00:00:01]} Nd7 {[%clk 01:12:51]} {[%emt 00:03:14]} 11. e3 {[%clk 01:16:35]}
{[%emt 00:04:01]} Rf6 {[%clk 01:09:38]} {[%emt 00:03:42]} 12. Nxe4 {[%clk
01:06:29]} {[%emt 00:10:37]} fxe4 {[%clk 01:09:28]} {[%emt 00:00:39]} 13. Ne5
{[%clk 01:06:52]} {[%emt 00:00:07]} Rh6 {[%clk 01:09:23]} {[%emt 00:00:35]} 14.
f3 {[%clk 01:00:51]} {[%emt 00:06:31]} Qh4 {[%clk 01:06:07]} {[%emt 00:03:46]}
15. h3 {[%clk 01:01:11]} {[%emt 00:00:10]} Qg3 {[%clk 01:03:11]} {[%emt
00:03:26]} 16. Qf2 {[%clk 00:59:05]} {[%emt 00:02:36]} Qxf2+ {[%clk 00:58:49]}
{[%emt 00:04:52]} 17. Rxf2 {[%clk 00:57:59]} {[%emt 00:01:36]} exf3 {[%clk
00:57:06]} {[%emt 00:02:13]} 18. Rxf3 {[%clk 00:56:49]} {[%emt 00:01:40]} Nf6
{[%clk 00:56:00]} {[%emt 00:01:37]} 19. Rg3 {[%clk 00:51:37]} {[%emt 00:05:42]}
Nh5 {[%clk 00:54:52]} {[%emt 00:01:37]} 20. Rg5 {[%clk 00:51:12]} {[%emt
00:00:55]} Nf6 {[%clk 00:55:01]} {[%emt 00:00:22]} 21. Kh2 {[%clk 00:49:20]}
{[%emt 00:02:21]} a5 {[%clk 00:54:21]} {[%emt 00:01:10]} 22. Rg1 {[%clk
00:48:10]} {[%emt 00:01:40]} Rh5 {[%clk 00:53:28]} {[%emt 00:01:23]} 23. Rg3
{[%clk 00:47:38]} {[%emt 00:01:02]} g6 {[%clk 00:49:13]} {[%emt 00:04:44]} 24.
Bf3 {[%clk 00:45:03]} {[%emt 00:03:05]} Rf5 {[%clk 00:45:33]} {[%emt 00:04:11]}
25. c5 {[%clk 00:39:06]} {[%emt 00:06:27]} Kf8 {[%clk 00:38:40]} {[%emt
00:07:23]} 26. Bg4 {[%clk 00:36:20]} {[%emt 00:03:15]} Nxg4+ {[%clk 00:34:09]}
{[%emt 00:05:03]} 27. hxg4 {[%clk 00:36:00]} {[%emt 00:00:49]} Rf6 {[%clk
00:34:10]} {[%emt 00:00:29]} 28. g5 {[%clk 00:36:20]} {[%emt 00:00:11]} Rf5
{[%clk 00:33:25]} {[%emt 00:01:15]} 29. Rh3 {[%clk 00:36:37]} {[%emt 00:00:13]}
Kg7 {[%clk 00:31:40]} {[%emt 00:02:15]} 30. Kg2 {[%clk 00:36:49]} {[%emt
00:00:17]} Rf8 {[%clk 00:32:03]} {[%emt 00:00:07]} 31. Rgh1 {[%clk 00:37:13]}
{[%emt 00:00:06]} Rh8 {[%emt 00:00:31]} 32. Rh6 {[%emt 00:00:21]} b6 {[%clk
00:28:55]} {[%emt 00:02:47]} 33. Nxg6 {[%clk 00:35:34]} {[%emt 00:02:08]} Ba6
{[%clk 00:25:48]} {[%emt 00:03:38]} 34. Nxh8 {[%clk 00:34:15]} {[%emt
00:01:48]} Bd3 {[%clk 00:25:55]} {[%emt 00:00:22]} 35. Rxe6 {[%clk 00:33:25]}
{[%emt 00:01:22]} Be4+ {[%clk 00:23:28]} {[%emt 00:02:57]} 36. Rxe4 {[%clk
00:33:27]} {[%emt 00:00:27]} dxe4 {[%clk 00:23:49]} {[%emt 00:00:10]} 37. cxb6
{[%clk 00:32:52]} {[%emt 00:01:05]} Rb8 {[%clk 00:23:16]} {[%emt 00:01:02]} 38.
Nf7 {[%clk 00:33:06]} {[%emt 00:00:16]} Rxb6 {[%clk 00:22:59]} {[%emt
00:00:47]} 39. b3 {[%clk 00:32:19]} {[%emt 00:01:18]} Kxf7 {[%clk 00:21:32]}
{[%emt 00:01:57]} 40. Rxh7+ {[%clk 00:32:37]} {[%emt 00:00:11]} Kg8 {[%clk
00:20:39]} {[%emt 00:01:23]} 41. Re7 {[%clk 00:32:48]} {[%emt 00:00:18]} a4
{[%clk 00:20:32]} {[%emt 00:00:39]} 42. bxa4 {[%clk 00:33:03]} {[%emt
00:00:14]} Rb2+ {[%clk 00:20:43]} {[%emt 00:00:19]} 43. Kg3 {[%clk 00:33:26]}
{[%emt 00:00:07]} Rxa2 {[%clk 00:21:04]} {[%emt 00:00:09]} 44. f5 {[%clk
00:33:20]} {[%emt 00:00:36]} Rxa4 {[%clk 00:21:14]} {[%emt 00:00:20]} 45. f6
{[%clk 00:33:32]} {[%emt 00:00:19]} Ra1 {[%clk 00:19:28]} {[%emt 00:02:16]} 46.
Kf4 {[%emt 00:01:02]} 1-0

[Event "Hoogeveen Amateur 1"]
[Site "Hoogeveen, Netherlands"]
[Date "2018.10.23"]
[Round "4.2"]
[White "Van Popta, Hette"]
[Black "Mol, Christiaan"]
[Result "0-1"]
[WhiteElo "1823"]
[BlackElo "1925"]

1. e4 {[%clk 01:30:56]} {[%emt 00:00:03]} c5 {[%clk 01:30:57]} {[%emt
00:00:04]} 2. c3 {[%clk 01:31:00]} {[%emt 00:00:25]} d5 {[%clk 01:30:28]}
{[%emt 00:00:59]} 3. exd5 {[%clk 01:31:16]} {[%emt 00:00:14]} Qxd5 {[%clk
01:30:52]} {[%emt 00:00:05]} 4. d4 {[%clk 01:31:20]} {[%emt 00:00:26]} Nf6
{[%clk 01:29:46]} {[%emt 00:01:37]} 5. Nf3 {[%clk 01:30:58]} {[%emt 00:00:51]}
e6 {[%clk 01:26:27]} {[%emt 00:03:50]} 6. Nbd2 {[%clk 01:28:29]} {[%emt
00:02:59]} cxd4 {[%clk 01:26:03]} {[%emt 00:00:54]} 7. Bc4 {[%clk 01:28:44]}
{[%emt 00:00:14]} Qd8 {[%clk 01:19:36]} {[%emt 00:06:58]} 8. Nxd4 {[%clk
01:29:04]} {[%emt 00:00:09]} Be7 {[%clk 01:13:29]} {[%emt 00:06:38]} 9. O-O
{[%clk 01:29:13]} {[%emt 00:00:20]} O-O {[%clk 01:12:13]} {[%emt 00:01:47]} 10.
Qe2 {[%clk 01:28:02]} {[%emt 00:01:40]} a6 {[%clk 01:11:30]} {[%emt 00:01:13]}
11. N2f3 {[%clk 01:18:51]} {[%emt 00:09:41]} Qc7 {[%clk 01:01:00]} {[%emt
00:11:01]} 12. Ne5 {[%clk 01:11:16]} {[%emt 00:08:04]} Bd6 {[%clk 01:00:44]}
{[%emt 00:00:47]} 13. Ndf3 {[%clk 01:03:28]} {[%emt 00:08:17]} Nc6 {[%clk
00:58:51]} {[%emt 00:02:24]} 14. Nxc6 {[%clk 01:00:55]} {[%emt 00:03:03]} Qxc6
{[%clk 00:58:32]} {[%emt 00:00:49]} 15. Bg5 {[%clk 00:58:35]} {[%emt 00:02:49]}
Qe4 {[%clk 00:47:24]} {[%emt 00:11:39]} 16. Qxe4 {[%clk 00:52:53]} {[%emt
00:06:10]} Nxe4 {[%clk 00:47:08]} {[%emt 00:00:48]} 17. Be3 {[%clk 00:53:11]}
{[%emt 00:00:10]} b5 {[%clk 00:45:54]} {[%emt 00:01:45]} 18. Bd3 {[%clk
00:53:23]} {[%emt 00:00:18]} Bb7 {[%clk 00:44:51]} {[%emt 00:01:34]} 19. Nd2
{[%clk 00:50:40]} {[%emt 00:03:13]} Nxd2 {[%clk 00:44:48]} {[%emt 00:00:32]} 20.
Bxd2 {[%clk 00:51:08]} {[%emt 00:00:02]} Rfd8 {[%clk 00:44:07]} {[%emt
00:01:11]} 21. Rfd1 {[%clk 00:46:12]} {[%emt 00:05:25]} Bxh2+ {[%clk 00:43:09]}
{[%emt 00:01:30]} 22. Kxh2 {[%clk 00:46:40]} {[%emt 00:00:01]} Rxd3 {[%clk
00:43:32]} {[%emt 00:00:08]} 23. Bg5 {[%clk 00:46:56]} {[%emt 00:00:13]} Rd5
{[%clk 00:43:52]} {[%emt 00:00:10]} 24. Rxd5 {[%clk 00:44:36]} {[%emt
00:02:50]} Bxd5 {[%clk 00:43:57]} {[%emt 00:00:26]} 25. a4 {[%clk 00:44:29]}
{[%emt 00:00:36]} f6 {[%clk 00:41:56]} {[%emt 00:02:32]} 26. Be3 {[%clk
00:41:46]} {[%emt 00:03:13]} Kf7 {[%clk 00:41:35]} {[%emt 00:00:50]} 27. Bc5
{[%clk 00:33:53]} {[%emt 00:08:23]} Rc8 {[%clk 00:40:32]} {[%emt 00:01:33]} 28.
b4 {[%clk 00:32:57]} {[%emt 00:01:26]} bxa4 {[%clk 00:37:07]} {[%emt 00:03:57]}
29. Rxa4 {[%clk 00:33:14]} {[%emt 00:00:12]} Bc4 {[%clk 00:37:18]} {[%emt
00:00:18]} 30. Ra1 {[%clk 00:28:57]} {[%emt 00:04:47]} Rd8 {[%clk 00:37:31]}
{[%emt 00:00:17]} 31. Rc1 {[%clk 00:29:06]} {[%emt 00:00:21]} Rd3 {[%clk
00:37:15]} {[%emt 00:00:47]} 32. g3 {[%clk 00:24:58]} {[%emt 00:04:38]} g5
{[%clk 00:34:28]} {[%emt 00:03:18]} 33. Kg2 {[%clk 00:24:33]} {[%emt 00:00:54]}
e5 {[%clk 00:31:44]} {[%emt 00:03:14]} 34. Be3 {[%clk 00:23:35]} {[%emt
00:01:27]} h5 {[%clk 00:28:26]} {[%emt 00:03:49]} 35. Bc5 {[%clk 00:21:41]}
{[%emt 00:02:25]} Kg6 {[%clk 00:28:18]} {[%emt 00:00:37]} 36. Kh2 {[%clk
00:19:50]} {[%emt 00:02:19]} f5 {[%clk 00:26:20]} {[%emt 00:02:30]} 37. Re1
{[%clk 00:19:28]} {[%emt 00:00:51]} Kf6 {[%clk 00:25:24]} {[%emt 00:01:27]} 38.
f4 {[%clk 00:18:23]} {[%emt 00:01:34]} Rd2+ {[%clk 00:22:00]} {[%emt 00:03:55]}
39. Kg1 {[%clk 00:18:30]} {[%emt 00:00:22]} gxf4 {[%clk 00:18:47]} {[%emt
00:03:45]} 40. gxf4 {[%clk 00:17:31]} {[%emt 00:01:27]} exf4 {[%clk 00:18:12]}
{[%emt 00:01:06]} 41. Be7+ {[%clk 00:15:13]} {[%emt 00:02:49]} Kg6 {[%clk
00:15:31]} {[%emt 00:03:11]} 42. Bc5 {[%clk 00:14:46]} {[%emt 00:00:56]} Kg5
{[%clk 00:14:05]} {[%emt 00:01:56]} 43. Bf2 {[%clk 00:13:47]} {[%emt 00:01:29]}
Kg4 {[%clk 00:13:42]} {[%emt 00:00:53]} 0-1

[Event "Hoogeveen Amateur 1"]
[Site "Hoogeveen, Netherlands"]
[Date "2018.10.23"]
[Round "4.4"]
[White "Winkel, Ruud"]
[Black "Vasse, Albert"]
[Result "0-1"]
[WhiteElo "1738"]
[BlackElo "1857"]

1. f4 {[%clk 01:30:57]} {[%emt 00:00:01]} g6 {[%clk 01:29:55]} {[%emt
00:01:05]} 2. Nf3 {[%clk 01:31:20]} {[%emt 00:00:09]} Bg7 {[%clk 01:30:14]}
{[%emt 00:00:10]} 3. e4 {[%clk 01:31:20]} {[%emt 00:00:30]} d6 {[%clk
01:28:46]} {[%emt 00:01:57]} 4. Be2 {[%clk 01:31:11]} {[%emt 00:00:40]} e5
{[%clk 01:27:17]} {[%emt 00:01:59]} 5. O-O {[%clk 01:24:25]} {[%emt 00:07:16]}
Ne7 {[%clk 01:21:02]} {[%emt 00:06:45]} 6. c3 {[%clk 01:22:25]} {[%emt
00:02:31]} Nbc6 {[%clk 01:19:50]} {[%emt 00:01:42]} 7. d4 {[%clk 01:15:29]}
{[%emt 00:07:25]} O-O {[%clk 01:17:05]} {[%emt 00:03:14]} 8. Bc4 {[%clk
00:58:28]} {[%emt 00:17:32]} exd4 {[%clk 01:15:52]} {[%emt 00:01:43]} 9. cxd4
{[%clk 00:57:51]} {[%emt 00:01:07]} d5 {[%clk 01:15:58]} {[%emt 00:00:24]} 10.
exd5 {[%clk 00:54:29]} {[%emt 00:03:52]} Nxd5 {[%clk 01:13:39]} {[%emt
00:02:49]} 11. Nc3 {[%clk 00:49:16]} {[%emt 00:05:43]} Nb6 {[%clk 01:07:46]}
{[%emt 00:06:24]} 12. Bb3 {[%clk 00:34:11]} {[%emt 00:15:35]} Nxd4 {[%clk
01:06:41]} {[%emt 00:01:35]} 13. Be3 {[%clk 00:32:12]} {[%emt 00:02:28]} Nxb3
{[%clk 00:59:56]} {[%emt 00:07:14]} 14. Qxb3 {[%clk 00:32:40]} {[%emt
00:00:03]} Be6 {[%clk 01:00:06]} {[%emt 00:00:21]} 15. Qc2 {[%clk 00:32:26]}
{[%emt 00:00:43]} Nd5 {[%clk 00:58:53]} {[%emt 00:01:43]} 16. Nxd5 {[%clk
00:31:56]} {[%emt 00:01:01]} Bxd5 {[%clk 00:58:48]} {[%emt 00:00:34]} 17. Rad1
{[%clk 00:31:29]} {[%emt 00:00:55]} c6 {[%clk 00:58:59]} {[%emt 00:00:20]} 18.
f5 {[%clk 00:27:32]} {[%emt 00:04:27]} Re8 {[%clk 00:50:42]} {[%emt 00:08:48]}
19. Qf2 {[%clk 00:21:11]} {[%emt 00:06:51]} Qa5 {[%clk 00:44:55]} {[%emt
00:06:17]} 20. Bd4 {[%clk 00:15:45]} {[%emt 00:05:56]} Bxf3 {[%clk 00:42:23]}
{[%emt 00:03:02]} 21. Qxf3 {[%clk 00:13:39]} {[%emt 00:02:36]} Bxd4+ {[%clk
00:41:13]} {[%emt 00:01:40]} 22. Rxd4 {[%clk 00:13:47]} {[%emt 00:00:21]} Qc5
{[%clk 00:41:16]} {[%emt 00:00:27]} 23. Qf2 {[%clk 00:13:05]} {[%emt 00:01:12]}
Rad8 {[%clk 00:32:53]} {[%emt 00:08:53]} 24. Rf4 {[%clk 00:07:41]} {[%emt
00:05:54]} Qxf2+ {[%clk 00:32:57]} {[%emt 00:00:27]} 25. R4xf2 {[%clk
00:08:07]} {[%emt 00:00:04]} gxf5 {[%clk 00:28:32]} {[%emt 00:04:56]} 26. Rxf5
{[%clk 00:08:17]} {[%emt 00:00:19]} Re7 {[%clk 00:28:42]} {[%emt 00:00:20]} 27.
R5f2 {[%clk 00:07:46]} {[%emt 00:01:01]} Rd5 {[%clk 00:27:39]} {[%emt
00:01:33]} 28. h3 {[%clk 00:07:56]} {[%emt 00:00:19]} Rde5 {[%clk 00:27:53]}
{[%emt 00:00:17]} 29. Rd2 {[%clk 00:07:12]} {[%emt 00:01:14]} Kg7 {[%clk
00:25:59]} {[%emt 00:02:25]} 30. Kh2 {[%clk 00:06:52]} {[%emt 00:00:49]} Re2
{[%clk 00:24:36]} {[%emt 00:01:53]} 31. Rf2 {[%clk 00:07:17]} {[%emt 00:00:05]}
Rxf2 {[%clk 00:24:41]} {[%emt 00:00:26]} 32. Rxf2 {[%clk 00:07:44]} {[%emt
00:00:01]} Re5 {[%clk 00:24:52]} {[%emt 00:00:20]} 33. Kg3 {[%clk 00:07:22]}
{[%emt 00:00:52]} f6 {[%clk 00:22:37]} {[%emt 00:02:45]} 34. Rd2 {[%clk
00:07:39]} {[%emt 00:00:13]} Kf7 {[%clk 00:22:48]} {[%emt 00:00:20]} 35. Kf3
{[%clk 00:06:15]} {[%emt 00:01:53]} Ke7 {[%clk 00:22:21]} {[%emt 00:00:57]} 36.
Kf4 {[%clk 00:05:08]} {[%emt 00:01:36]} c5 {[%clk 00:21:57]} {[%emt 00:00:55]}
37. g4 {[%clk 00:05:16]} {[%emt 00:00:21]} h5 {[%clk 00:21:48]} {[%emt
00:00:39]} 38. gxh5 {[%clk 00:04:08]} {[%emt 00:01:39]} Rxh5 {[%clk 00:22:05]}
{[%emt 00:00:13]} 39. Re2+ {[%clk 00:03:40]} {[%emt 00:00:59]} Kf7 {[%clk
00:20:04]} {[%emt 00:02:30]} 40. Kg4 {[%clk 00:03:00]} {[%emt 00:01:10]} Rg5+
{[%clk 00:19:33]} {[%emt 00:01:01]} 41. Kf4 {[%clk 00:03:25]} {[%emt 00:00:04]}
b5 {[%clk 00:17:51]} {[%emt 00:02:12]} 42. Rd2 {[%clk 00:02:01]} {[%emt
00:01:54]} Re5 {[%clk 00:16:09]} {[%emt 00:02:13]} 43. Rd7+ {[%clk 00:01:07]}
{[%emt 00:01:23]} Re7 {[%clk 00:15:50]} {[%emt 00:00:48]} 44. Rd5 {[%clk
00:01:04]} {[%emt 00:00:34]} Rc7 {[%clk 00:15:47]} {[%emt 00:00:33]} 45. Kf5
{[%clk 00:29:42]} {[%emt 00:01:52]} b4 {[%clk 00:42:03]} {[%emt 00:04:14]} 46.
Rd6 {[%clk 00:28:14]} {[%emt 00:01:58]} c4 {[%clk 00:42:01]} {[%emt 00:00:32]}
47. Rxf6+ {[%clk 00:28:35]} {[%emt 00:00:09]} Kg7 {[%clk 00:41:34]} {[%emt
00:00:56]} 48. Rg6+ {[%clk 00:28:15]} {[%emt 00:00:51]} Kh7 {[%clk 00:41:47]}
{[%emt 00:00:16]} 49. Rg2 {[%clk 00:24:46]} {[%emt 00:03:59]} c3 {[%clk
00:40:53]} {[%emt 00:01:25]} 50. bxc3 {[%clk 00:23:31]} {[%emt 00:01:46]} Rxc3
{[%clk 00:41:07]} {[%emt 00:00:16]} 51. h4 {[%clk 00:22:25]} {[%emt 00:01:35]}
a5 {[%clk 00:40:28]} {[%emt 00:01:09]} 52. Ke5 {[%clk 00:21:48]} {[%emt
00:01:06]} Rh3 {[%clk 00:39:56]} {[%emt 00:01:03]} 53. Kd5 {[%clk 00:17:29]}
{[%emt 00:04:49]} Rxh4 {[%clk 00:39:33]} {[%emt 00:00:53]} 54. Kc5 {[%clk
00:17:03]} {[%emt 00:00:55]} Rh3 {[%clk 00:39:26]} {[%emt 00:00:38]} 55. Kb5
{[%clk 00:13:42]} {[%emt 00:03:51]} Ra3 {[%clk 00:39:40]} {[%emt 00:00:16]} 56.
Kc4 {[%clk 00:10:22]} {[%emt 00:03:49]} Kh6 {[%clk 00:39:19]} {[%emt 00:00:51]}
57. Kd4 {[%clk 00:09:25]} {[%emt 00:01:28]} Rc3 {[%clk 00:38:39]} {[%emt
00:01:10]} 58. Rb2 {[%clk 00:09:39]} {[%emt 00:00:15]} Ra3 {[%clk 00:37:42]}
{[%emt 00:01:29]} 59. Rg2 {[%clk 00:09:58]} {[%emt 00:00:10]} Kh5 {[%clk
00:38:00]} {[%emt 00:00:12]} 60. Kc4 {[%clk 00:09:45]} {[%emt 00:00:41]} Kh4
{[%clk 00:38:11]} {[%emt 00:00:20]} 61. Rb2 {[%clk 00:07:35]} {[%emt 00:02:40]}
Kg4 {[%clk 00:38:22]} {[%emt 00:00:20]} 62. Kd4 {[%clk 00:06:18]} {[%emt
00:01:47]} Kf5 {[%clk 00:38:13]} {[%emt 00:00:39]} 63. Re2 {[%clk 00:06:21]}
{[%emt 00:00:27]} Kf4 {[%clk 00:34:46]} {[%emt 00:03:57]} 64. Rh2 {[%clk
00:06:28]} {[%emt 00:00:23]} Ra4 {[%clk 00:29:35]} {[%emt 00:05:41]} 65. Kc4
{[%clk 00:06:21]} {[%emt 00:00:37]} Ke4 {[%clk 00:29:13]} {[%emt 00:00:52]} 66.
Kb5 {[%clk 00:06:00]} {[%emt 00:00:51]} Ra3 {[%clk 00:29:28]} {[%emt 00:00:15]}
67. Rh4+ {[%clk 00:05:52]} {[%emt 00:00:37]} Kd3 {[%clk 00:29:26]} {[%emt
00:00:32]} 68. Rh3+ {[%clk 00:05:45]} {[%emt 00:00:38]} Kc2 {[%clk 00:29:42]}
{[%emt 00:00:14]} 69. Rxa3 {[%clk 00:02:43]} {[%emt 00:03:32]} bxa3 {[%clk
00:29:41]} {[%emt 00:00:31]} 70. Kc4 {[%clk 00:02:40]} {[%emt 00:00:33]} a4
{[%clk 00:28:24]} {[%emt 00:01:46]} 71. Kb4 {[%emt 00:02:14]} Kb2 0-1